Top 10 des prénoms de garçons en France en 2010 - Statistiques

Statistiques générales
  • Ce quiz a été pris 1 773 fois
  • Le résultat moyen est 5 sur 10
Statistiques - réponses
Prénoms % Correct
2 Lucas
63%
4 Louis
60%
9 Jules
50%
3 Enzo
48%
6 Gabriel
44%
5 Hugo
43%
8 Mathis
43%
1 Nathan
42%
10 Arthur
35%
7 Ethan
26%
Aucun quiz correspondant
Distribution des résultats
% des personnes avec chaque résultat
Percentile par nombre de réponses
Votre historique - résultats
Vous n’avez pas pris ce quiz